[Event "FIDE World Cup 2025"]
[Site "Goa, India"]
[Date "2025.11.02"]
[Round "2.8"]
[White "Zemlyanskii, Ivan"]
[Black "Pantsulaia, Levan"]
[Result "1-0"]
[TimeControl ": 90 minutes for the first 40 moves, followed by 30 minutes for the rest of the gamewith an increment of 30 seconds per move starting from move 1"]
[WhiteFideId "24249971"]
[BlackFideId "13602071"]
[WhiteElo "2586"]
[BlackElo "2457"]

1. d4 {[%clk 01:30:57]} {[%emt 00:00:03]} Nf6 {[%clk 01:30:43]} {[%emt
00:00:17]} 2. c4 {[%clk 01:31:21]} {[%emt 00:00:06]} c5 {[%clk 01:30:56]}
{[%emt 00:00:17]} 3. d5 {[%clk 01:31:46]} {[%emt 00:00:06]} g6 {[%clk
01:31:21]} {[%emt 00:00:05]} 4. Nc3 {[%clk 01:32:12]} {[%emt 00:00:04]} Bg7
{[%clk 01:31:45]} {[%emt 00:00:06]} 5. e4 {[%clk 01:32:38]} {[%emt 00:00:03]}
d6 {[%clk 01:32:10]} {[%emt 00:00:06]} 6. Nf3 {[%clk 01:33:02]} {[%emt
00:00:07]} O-O {[%clk 01:32:31]} {[%emt 00:00:07]} 7. h3 {[%clk 01:33:29]}
{[%emt 00:00:04]} e6 {[%clk 01:32:48]} {[%emt 00:00:13]} 8. Bd3 {[%clk
01:33:55]} {[%emt 00:00:05]} exd5 {[%clk 01:33:06]} {[%emt 00:00:12]} 9. exd5
{[%clk 01:34:21]} {[%emt 00:00:03]} Re8+ {[%clk 01:33:28]} {[%emt 00:00:08]} 10.
Be3 {[%clk 01:34:47]} {[%emt 00:00:04]} Rxe3+ {[%clk 01:33:49]} {[%emt
00:00:09]} 11. fxe3 {[%clk 01:35:15]} {[%emt 00:00:03]} Qe7 {[%clk 01:34:11]}
{[%emt 00:00:08]} 12. O-O {[%clk 01:35:40]} {[%emt 00:00:05]} Nbd7 {[%clk
01:34:34]} {[%emt 00:00:07]} 13. Qd2 {[%clk 01:36:05]} {[%emt 00:00:05]} h6
{[%clk 01:34:25]} {[%emt 00:00:39]} 14. Rf2 {[%clk 01:34:30]} {[%emt 00:02:05]}
b6 {[%clk 01:27:43]} {[%emt 00:07:12]} 15. Raf1 {[%clk 01:33:59]} {[%emt
00:01:02]} Ba6 {[%clk 01:27:42]} {[%emt 00:00:30]} 16. Qc2 {[%clk 01:22:56]}
{[%emt 00:11:34]} Rf8 {[%clk 01:11:51]} {[%emt 00:16:21]} 17. Qa4 {[%clk
01:18:48]} {[%emt 00:04:38]} Nb8 {[%clk 01:12:15]} {[%emt 00:00:06]} 18. e4
{[%clk 01:11:41]} {[%emt 00:07:37]} Nfd7 {[%clk 01:02:16]} {[%emt 00:10:28]} 19.
Nb1 {[%clk 01:02:26]} {[%emt 00:09:45]} Ne5 {[%clk 01:01:37]} {[%emt 00:01:10]}
20. Nxe5 {[%clk 01:02:29]} {[%emt 00:00:27]} Bxe5 {[%clk 01:01:50]} {[%emt
00:00:17]} 21. Kh1 {[%clk 01:02:31]} {[%emt 00:00:28]} Bc8 {[%clk 01:00:18]}
{[%emt 00:02:02]} 22. Nd2 {[%clk 01:02:00]} {[%emt 00:01:01]} Bd4 {[%clk
00:55:08]} {[%emt 00:05:40]} 23. Re2 {[%clk 00:59:13]} {[%emt 00:03:16]} Bg4
{[%clk 00:46:09]} {[%emt 00:09:30]} 24. Ree1 {[%clk 00:51:38]} {[%emt
00:08:06]} Qh4 {[%clk 00:31:36]} {[%emt 00:15:03]} 25. e5 {[%clk 00:27:13]}
{[%emt 00:24:55]} Bxe5 {[%clk 00:25:42]} {[%emt 00:06:25]} 26. Qc2 {[%clk
00:26:09]} {[%emt 00:01:33]} Nd7 {[%clk 00:21:53]} {[%emt 00:04:19]} 27. Bxg6
{[%clk 00:23:51]} {[%emt 00:02:47]} Qg3 {[%clk 00:12:22]} {[%emt 00:10:01]} 28.
Rxe5 {[%clk 00:23:23]} {[%emt 00:00:58]} Nxe5 {[%clk 00:12:41]} {[%emt
00:00:11]} 29. Ne4 {[%clk 00:22:13]} {[%emt 00:01:39]} Qh4 {[%clk 00:12:40]}
{[%emt 00:00:31]} 30. Bf5 {[%clk 00:19:32]} {[%emt 00:03:11]} Bxf5 {[%clk
00:11:03]} {[%emt 00:02:08]} 31. Rxf5 {[%clk 00:20:00]} {[%emt 00:00:02]} Qe1+
{[%clk 00:10:13]} {[%emt 00:01:20]} 32. Kh2 {[%clk 00:20:29]} {[%emt 00:00:01]}
Rd8 {[%clk 00:10:37]} {[%emt 00:00:07]} 33. Rf6 {[%clk 00:14:30]} {[%emt
00:06:29]} Kg7 {[%clk 00:10:39]} {[%emt 00:00:27]} 34. Rf2 {[%clk 00:12:36]}
{[%emt 00:02:24]} Qe3 {[%clk 00:07:46]} {[%emt 00:03:23]} 35. Ng3 {[%clk
00:11:45]} {[%emt 00:01:20]} Qg5 {[%clk 00:08:04]} {[%emt 00:00:12]} 36. Qe4
{[%clk 00:11:04]} {[%emt 00:01:12]} Kf8 {[%clk 00:05:22]} {[%emt 00:03:12]} 37.
Rf5 {[%clk 00:09:45]} {[%emt 00:01:49]} Qc1 {[%clk 00:03:56]} {[%emt 00:01:56]}
38. Qh4 {[%clk 00:08:45]} {[%emt 00:01:29]} Rd7 {[%clk 00:02:24]} {[%emt
00:02:03]} 39. Qf6 {[%clk 00:08:38]} {[%emt 00:00:36]} Qxb2 {[%clk 00:01:50]}
{[%emt 00:01:05]} 40. Rf2 {[%clk 00:09:04]} {[%emt 00:00:04]} 1-0

[Event "FIDE World Cup 2025"]
[Site "Goa, India"]
[Date "2025.11.02"]
[Round "2.9"]
[White "Neelash, Saha"]
[Black "Meier, Georg"]
[Result "1/2-1/2"]
[TimeControl ": 90 minutes for the first 40 moves, followed by 30 minutes for the rest of the gamewith an increment of 30 seconds per move starting from move 1"]
[WhiteFideId "5094160"]
[BlackFideId "4675789"]
[WhiteElo "2466"]
[BlackElo "2596"]

1. e4 {[%clk 01:30:52]} {[%emt 00:00:07]} e5 {[%clk 01:30:53]} {[%emt
00:00:07]} 2. Nf3 {[%clk 01:31:17]} {[%emt 00:00:05]} Nf6 {[%emt 00:00:08]} 3.
d4 {[%clk 01:31:24]} {[%emt 00:00:20]} Nxe4 {[%clk 01:31:06]} {[%emt 00:00:41]}
4. Bd3 {[%clk 01:31:49]} {[%emt 00:00:05]} d5 {[%clk 01:31:23]} {[%emt
00:00:13]} 5. Nxe5 {[%clk 01:32:11]} {[%emt 00:00:08]} Nd7 {[%clk 01:30:59]}
{[%emt 00:00:54]} 6. Nc3 {[%clk 01:32:35]} {[%emt 00:00:06]} Nxe5 7. dxe5 Nxc3
{[%clk 01:29:13]} {[%emt 00:01:24]} 8. bxc3 {[%clk 01:33:12]} {[%emt 00:00:06]}
Bc5 {[%clk 01:29:35]} {[%emt 00:00:07]} 9. Qf3 {[%clk 01:29:12]} {[%emt
00:04:31]} O-O {[%clk 01:22:20]} {[%emt 00:07:45]} 10. O-O {[%clk 01:27:15]}
{[%emt 00:02:27]} c6 {[%clk 01:07:59]} {[%emt 00:14:50]} 11. Qg3 {[%clk
01:26:45]} {[%emt 00:01:00]} f5 {[%clk 01:04:53]} {[%emt 00:03:36]} 12. exf6
{[%clk 01:22:07]} {[%emt 00:05:10]} Qxf6 {[%clk 01:05:08]} {[%emt 00:00:14]} 13.
Bg5 {[%clk 01:22:32]} {[%emt 00:00:04]} Qd6 {[%clk 01:01:00]} {[%emt 00:04:39]}
14. Qh4 {[%clk 01:21:48]} {[%emt 00:01:15]} Bf5 {[%clk 01:01:08]} {[%emt
00:00:22]} 15. Rae1 {[%clk 01:20:34]} {[%emt 00:01:44]} Qg6 {[%clk 00:51:14]}
{[%emt 00:10:25]} 16. Be3 {[%clk 01:12:37]} {[%emt 00:08:26]} Bb6 {[%clk
00:41:52]} {[%emt 00:09:53]} 17. c4 {[%clk 00:25:39]} {[%emt 00:47:27]} Bxd3
{[%clk 00:36:40]} {[%emt 00:05:42]} 18. cxd3 {[%clk 00:26:05]} {[%emt
00:00:04]} Qxd3 {[%clk 00:36:05]} {[%emt 00:01:04]} 19. c5 {[%clk 00:26:31]}
{[%emt 00:00:04]} Ba5 {[%clk 00:32:09]} {[%emt 00:04:26]} 20. Rb1 {[%clk
00:26:26]} {[%emt 00:00:35]} b5 {[%clk 00:27:56]} {[%emt 00:04:43]} 21. cxb6
{[%clk 00:26:09]} {[%emt 00:00:47]} Bxb6 {[%clk 00:27:09]} {[%emt 00:01:16]} 22.
Bxb6 {[%clk 00:26:34]} {[%emt 00:00:06]} axb6 {[%clk 00:27:33]} {[%emt
00:00:05]} 23. Rxb6 {[%clk 00:26:53]} {[%emt 00:00:11]} Qc2 {[%clk 00:27:12]}
{[%emt 00:00:50]} 24. Qg4 {[%clk 00:20:17]} {[%emt 00:07:06]} Rxa2 {[%clk
00:24:49]} {[%emt 00:02:54]} 25. Qe6+ {[%clk 00:20:19]} {[%emt 00:00:28]} Kh8
{[%clk 00:25:17]} {[%emt 00:00:03]} 26. h3 {[%clk 00:20:43]} {[%emt 00:00:06]}
h6 {[%clk 00:22:28]} {[%emt 00:03:18]} 27. Rxc6 {[%clk 00:20:22]} {[%emt
00:00:52]} Qe4 {[%clk 00:22:35]} {[%emt 00:00:23]} 28. Qxe4 {[%clk 00:19:16]}
{[%emt 00:01:35]} dxe4 {[%clk 00:23:02]} {[%emt 00:00:03]} 29. Re6 {[%clk
00:15:29]} {[%emt 00:04:18]} Re2 {[%clk 00:23:23]} {[%emt 00:00:09]} 30. f4
{[%clk 00:14:56]} {[%emt 00:01:03]} Rf5 {[%clk 00:19:18]} {[%emt 00:04:36]} 31.
Re5 {[%clk 00:14:41]} {[%emt 00:00:45]} Rf6 {[%clk 00:15:13]} {[%emt 00:04:34]}
32. f5 {[%clk 00:14:40]} {[%emt 00:00:32]} e3 {[%clk 00:10:16]} {[%emt
00:05:26]} 33. Rf3 {[%clk 00:12:44]} {[%emt 00:02:26]} g6 {[%clk 00:07:29]}
{[%emt 00:03:17]} 34. Kf1 {[%clk 00:09:46]} {[%emt 00:03:28]} Rf2+ {[%clk
00:07:16]} {[%emt 00:00:43]} 35. Rxf2 {[%clk 00:09:41]} {[%emt 00:00:35]} exf2
{[%clk 00:07:42]} {[%emt 00:00:04]} 36. fxg6 {[%clk 00:08:59]} {[%emt
00:01:12]} Kg7 {[%emt 00:00:17]} 37. Re3 {[%clk 00:09:21]} Kxg6 {[%clk
00:07:58]} {[%emt 00:00:35]} 38. Rg3+ {[%clk 00:09:45]} {[%emt 00:00:05]} Kh7
{[%clk 00:08:20]} {[%emt 00:00:08]} 39. Rf3 {[%clk 00:10:10]} {[%emt 00:00:06]}
Ra6 {[%clk 00:08:36]} {[%emt 00:00:14]} 40. Kxf2 {[%clk 00:10:22]} {[%emt
00:00:18]} h5 {[%clk 00:08:38]} {[%emt 00:00:28]} 41. Re3 {[%clk 00:07:47]}
{[%emt 00:03:04]} 1/2-1/2

[Event "FIDE World Cup 2025"]
[Site "Goa, India"]
[Date "2025.11.02"]
[Round "2.10"]
[White "Cheng, Bobby"]
[Black "Siddharth, Jagadeesh"]
[Result "1-0"]
[TimeControl ": 90 minutes for the first 40 moves, followed by 30 minutes for the rest of the gamewith an increment of 30 seconds per move starting from move 1"]
[WhiteFideId "4300033"]
[BlackFideId "5818320"]
[WhiteElo "2596"]
[BlackElo "2467"]

1. d4 {[%clk 01:30:51]} {[%emt 00:00:08]} Nf6 {[%clk 01:30:39]} {[%emt
00:00:21]} 2. c4 {[%clk 01:31:16]} {[%emt 00:00:06]} e6 {[%clk 01:29:34]}
{[%emt 00:01:35]} 3. Nc3 {[%clk 01:31:35]} {[%emt 00:00:11]} Bb4 {[%clk
01:29:53]} {[%emt 00:00:09]} 4. Nf3 {[%clk 01:31:56]} {[%emt 00:00:09]} b6
{[%clk 01:29:43]} {[%emt 00:00:41]} 5. Qc2 {[%clk 01:31:23]} {[%emt 00:01:04]}
Bb7 {[%clk 01:28:05]} {[%emt 00:02:08]} 6. a3 {[%clk 01:31:35]} {[%emt
00:00:18]} Bxc3+ {[%clk 01:28:22]} {[%emt 00:00:13]} 7. Qxc3 {[%clk 01:31:59]}
{[%emt 00:00:06]} O-O {[%clk 01:28:18]} {[%emt 00:00:33]} 8. e3 {[%clk
01:31:32]} {[%emt 00:00:58]} d5 {[%clk 01:25:50]} {[%emt 00:02:58]} 9. b3
{[%clk 01:28:50]} {[%emt 00:03:12]} Nbd7 {[%clk 01:23:14]} {[%emt 00:03:05]} 10.
Bb2 {[%clk 01:27:08]} {[%emt 00:02:13]} c5 {[%clk 01:22:43]} {[%emt 00:01:02]}
11. Be2 {[%clk 01:20:56]} {[%emt 00:06:42]} Rc8 {[%clk 01:22:38]} {[%emt
00:00:35]} 12. O-O {[%clk 01:17:16]} {[%emt 00:04:09]} cxd4 {[%clk 01:14:15]}
{[%emt 00:08:53]} 13. exd4 {[%clk 01:16:18]} {[%emt 00:01:28]} dxc4 {[%clk
01:13:23]} {[%emt 00:01:22]} 14. bxc4 {[%clk 01:16:43]} {[%emt 00:00:05]} Qc7
{[%clk 01:11:07]} {[%emt 00:02:46]} 15. a4 {[%clk 01:03:51]} {[%emt 00:13:23]}
Rfd8 {[%clk 01:00:25]} {[%emt 00:11:12]} 16. Rfc1 {[%clk 00:55:25]} {[%emt
00:08:56]} Ng4 {[%clk 00:48:05]} {[%emt 00:12:49]} 17. h3 {[%clk 00:38:23]}
{[%emt 00:17:32]} Bxf3 {[%clk 00:47:22]} {[%emt 00:01:13]} 18. Bxf3 {[%clk
00:38:50]} {[%emt 00:00:03]} Qh2+ {[%clk 00:47:44]} {[%emt 00:00:08]} 19. Kf1
{[%clk 00:39:19]} {[%emt 00:00:01]} Ngf6 {[%clk 00:46:51]} {[%emt 00:01:23]} 20.
Qe3 {[%clk 00:34:17]} {[%emt 00:05:33]} h6 {[%clk 00:35:21]} {[%emt 00:11:59]}
21. Ke2 {[%clk 00:33:03]} {[%emt 00:01:43]} Re8 {[%clk 00:32:48]} {[%emt
00:03:03]} 22. Bb7 {[%clk 00:31:31]} {[%emt 00:02:02]} Rb8 {[%clk 00:26:30]}
{[%emt 00:06:48]} 23. Bc6 {[%clk 00:31:23]} {[%emt 00:00:38]} Qc7 {[%clk
00:24:03]} {[%emt 00:02:57]} 24. Bb5 {[%clk 00:28:34]} {[%emt 00:03:19]} Ra8
{[%clk 00:15:22]} {[%emt 00:09:12]} 25. Qg3 {[%clk 00:25:23]} {[%emt 00:03:42]}
e5 {[%clk 00:08:55]} {[%emt 00:06:57]} 26. d5 {[%clk 00:16:41]} {[%emt
00:09:12]} Ne4 {[%clk 00:06:02]} {[%emt 00:03:23]} 27. Qf3 {[%clk 00:15:23]}
{[%emt 00:01:48]} f5 {[%clk 00:04:00]} {[%emt 00:02:33]} 28. Qxf5 {[%clk
00:12:42]} {[%emt 00:03:12]} Ndc5 {[%clk 00:04:29]} 29. Bxe8 {[%clk 00:10:32]}
{[%emt 00:02:40]} Rxe8 {[%clk 00:04:58]} {[%emt 00:00:01]} 30. Qg6 {[%clk
00:10:32]} {[%emt 00:00:29]} Rf8 {[%clk 00:05:07]} {[%emt 00:00:20]} 31. f3
{[%clk 00:10:54]} {[%emt 00:00:10]} Ng5 {[%clk 00:03:11]} {[%emt 00:02:25]} 32.
h4 {[%clk 00:09:02]} {[%emt 00:02:21]} Nh7 {[%clk 00:03:38]} {[%emt 00:00:04]}
33. Ra3 {[%clk 00:08:26]} {[%emt 00:01:07]} Qe7 {[%clk 00:01:57]} {[%emt
00:02:10]} 34. Re3 {[%clk 00:07:59]} {[%emt 00:00:56]} e4 {[%clk 00:02:09]}
{[%emt 00:00:18]} 35. fxe4 {[%clk 00:07:11]} {[%emt 00:01:20]} Rf4 {[%clk
00:02:28]} {[%emt 00:00:10]} 36. g3 {[%clk 00:03:54]} {[%emt 00:03:47]} 1-0

[Event "FIDE World Cup 2025"]
[Site "Goa, India"]
[Date "2025.11.02"]
[Round "2.11"]
[White "Ansat, Aldiyar"]
[Black "Cori, Jorge"]
[Result "1/2-1/2"]
[TimeControl ": 90 minutes for the first 40 moves, followed by 30 minutes for the rest of the gamewith an increment of 30 seconds per move starting from move 1"]
[WhiteFideId "13715658"]
[BlackFideId "3802272"]
[WhiteElo "2470"]
[BlackElo "2594"]

1. e4 {[%clk 01:30:57]} {[%emt 00:00:02]} c5 {[%clk 01:30:54]} {[%emt
00:00:07]} 2. Nf3 {[%clk 01:31:21]} {[%emt 00:00:07]} d6 {[%clk 01:31:16]}
{[%emt 00:00:08]} 3. Bb5+ {[%clk 01:23:50]} {[%emt 00:08:01]} Bd7 {[%clk
01:31:25]} {[%emt 00:00:21]} 4. Bxd7+ {[%clk 01:24:08]} {[%emt 00:00:12]} Nxd7
{[%clk 01:29:05]} {[%emt 00:02:51]} 5. O-O {[%clk 01:23:51]} {[%emt 00:00:46]}
Ngf6 {[%clk 01:29:32]} {[%emt 00:00:04]} 6. Qe2 {[%clk 01:22:55]} {[%emt
00:01:25]} e6 {[%clk 01:28:58]} {[%emt 00:01:04]} 7. c3 {[%clk 01:22:48]}
{[%emt 00:00:37]} Be7 {[%clk 01:29:23]} {[%emt 00:00:05]} 8. d4 {[%clk
01:22:56]} {[%emt 00:00:22]} O-O {[%clk 01:29:48]} {[%emt 00:00:05]} 9. e5
{[%clk 01:10:33]} {[%emt 00:12:52]} Ne8 {[%clk 01:25:28]} {[%emt 00:04:50]} 10.
exd6 {[%clk 00:58:31]} {[%emt 00:12:32]} Nxd6 {[%clk 00:40:22]} 11. Rd1 {[%clk
00:58:42]} {[%emt 00:45:55]} cxd4 {[%clk 00:27:06]} 12. Nxd4 {[%clk 00:58:10]}
{[%emt 00:14:48]} Re8 {[%clk 00:13:48]} 13. Nd2 {[%clk 00:46:22]} {[%emt
00:26:06]} Bf6 {[%clk 00:10:50]} 14. N2f3 {[%clk 00:45:49]} {[%emt 00:04:30]}
Qc7 {[%clk 00:10:50]} 15. Nb5 {[%clk 00:35:40]} {[%emt 00:11:10]} Nxb5 {[%clk
00:11:14]} {[%emt 00:00:06]} 16. Qxb5 {[%clk 00:36:08]} {[%emt 00:00:02]} Ne5
{[%clk 00:07:18]} {[%emt 00:04:26]} 17. Nxe5 {[%clk 00:36:26]} {[%emt
00:00:12]} Bxe5 {[%clk 00:07:45]} {[%emt 00:00:03]} 18. g3 {[%clk 00:29:49]}
{[%emt 00:07:07]} a6 {[%clk 00:08:00]} {[%emt 00:00:16]} 19. Qe2 {[%clk
00:30:08]} {[%emt 00:00:11]} Rad8 {[%clk 00:08:23]} {[%emt 00:00:05]} 20. Be3
{[%clk 00:30:21]} {[%emt 00:00:18]} Bf6 {[%clk 00:04:56]} {[%emt 00:03:57]} 21.
Rxd8 {[%clk 00:29:01]} {[%emt 00:01:50]} Rxd8 {[%clk 00:05:21]} {[%emt
00:00:06]} 22. Rd1 {[%clk 00:29:28]} {[%emt 00:00:02]} Rd7 {[%clk 00:05:20]}
{[%emt 00:00:30]} 23. Rxd7 {[%clk 00:28:40]} {[%emt 00:01:18]} Qxd7 {[%clk
00:05:46]} {[%emt 00:00:04]} 24. c4 {[%clk 00:29:06]} {[%emt 00:00:04]} Be7
{[%clk 00:05:17]} {[%emt 00:00:59]} 25. Bd2 {[%clk 00:26:08]} {[%emt 00:03:29]}
Qa4 {[%clk 00:03:15]} {[%emt 00:02:32]} 26. a3 {[%clk 00:23:08]} {[%emt
00:03:30]} Qc2 {[%clk 00:02:41]} {[%emt 00:01:04]} 27. b4 {[%clk 00:22:27]}
{[%emt 00:01:11]} h5 {[%clk 00:01:50]} {[%emt 00:01:20]} 28. Kf1 {[%clk
00:15:30]} {[%emt 00:07:28]} Bf6 {[%clk 00:02:13]} {[%emt 00:00:07]} 29. Be1
{[%clk 00:12:04]} {[%emt 00:03:55]} Qb3 {[%clk 00:02:12]} {[%emt 00:00:30]} 30.
Qxh5 {[%clk 00:11:53]} {[%emt 00:00:41]} Qxc4+ {[%clk 00:01:54]} {[%emt
00:00:48]} 31. Qe2 {[%clk 00:12:18]} {[%emt 00:00:05]} Qd5 {[%clk 00:02:08]}
{[%emt 00:00:16]} 32. Kg1 {[%clk 00:11:30]} {[%emt 00:01:19]} b5 {[%clk
00:01:35]} {[%emt 00:01:04]} 33. Qc2 {[%clk 00:11:07]} {[%emt 00:00:52]} g5
{[%clk 00:01:12]} {[%emt 00:00:52]} 34. Bd2 {[%clk 00:11:01]} {[%emt 00:00:36]}
g4 {[%clk 00:01:21]} {[%emt 00:00:21]} 35. Bh6 {[%clk 00:10:41]} {[%emt
00:00:50]} Qd4 {[%clk 00:01:27]} {[%emt 00:00:24]} 36. Be3 {[%clk 00:10:20]}
{[%emt 00:00:51]} Qd5 {[%clk 00:01:19]} {[%emt 00:00:38]} 37. Qc8+ {[%clk
00:10:06]} {[%emt 00:00:45]} Kg7 {[%clk 00:01:44]} {[%emt 00:00:05]} 38. Qxa6
{[%clk 00:10:29]} {[%emt 00:00:07]} Bb2 {[%clk 00:01:30]} {[%emt 00:00:45]} 39.
Qc8 {[%clk 00:10:02]} {[%emt 00:00:57]} Qd1+ {[%clk 00:01:27]} {[%emt
00:00:33]} 40. Kg2 {[%clk 00:10:30]} {[%emt 00:00:01]} Qd5+ {[%clk 00:01:20]}
{[%emt 00:00:37]} 41. Kg1 {[%clk 00:10:17]} {[%emt 00:00:43]} Qd3 {[%clk
00:01:20]} {[%emt 00:00:30]} 42. Bc5 {[%clk 00:08:14]} {[%emt 00:02:34]} Qd1+
{[%clk 00:01:10]} {[%emt 00:00:40]} 43. Kg2 {[%clk 00:08:42]} {[%emt 00:00:01]}
Qf3+ {[%clk 00:01:31]} {[%emt 00:00:08]} 44. Kg1 {[%clk 00:09:08]} {[%emt
00:00:04]} Qd1+ {[%clk 00:01:07]} {[%emt 00:00:54]} 45. Kg2 {[%clk 00:09:19]}
{[%emt 00:00:18]} Qf3+ {[%clk 00:00:51]} {[%emt 00:00:46]} 1/2-1/2

[Event "FIDE World Cup 2025"]
[Site "Goa, India"]
[Date "2025.11.02"]
[Round "2.12"]
[White "Yilmaz, Mustafa"]
[Black "Harshavardhan, G B"]
[Result "1/2-1/2"]
[TimeControl ": 90 minutes for the first 40 moves, followed by 30 minutes for the rest of the gamewith an increment of 30 seconds per move starting from move 1"]
[WhiteFideId "6302718"]
[BlackFideId "25059009"]
[WhiteElo "2591"]
[BlackElo "2476"]

1. d4 {[%clk 01:30:57]} {[%emt 00:00:02]} e6 {[%clk 01:30:15]} {[%emt
00:00:46]} 2. c4 {[%clk 01:29:31]} {[%emt 00:01:55]} Bb4+ {[%clk 01:30:22]}
{[%emt 00:00:23]} 3. Nd2 {[%clk 01:26:55]} {[%emt 00:03:06]} d5 {[%clk
01:30:43]} {[%emt 00:00:08]} 4. Qa4+ {[%clk 01:24:54]} {[%emt 00:02:32]} Nc6
{[%clk 01:31:06]} {[%emt 00:00:07]} 5. e3 {[%clk 01:21:27]} {[%emt 00:03:57]}
Bd7 {[%clk 01:31:30]} {[%emt 00:00:06]} 6. Qc2 {[%clk 01:18:59]} {[%emt
00:02:58]} dxc4 {[%clk 01:31:52]} {[%emt 00:00:08]} 7. a3 {[%clk 01:15:06]}
{[%emt 00:04:23]} Bxd2+ {[%clk 01:30:48]} {[%emt 00:01:34]} 8. Bxd2 {[%clk
01:13:03]} {[%emt 00:02:33]} b5 {[%clk 01:31:00]} {[%emt 00:00:19]} 9. Nf3
{[%clk 01:10:48]} {[%emt 00:02:45]} a5 {[%clk 01:26:20]} {[%emt 00:05:10]} 10.
b3 {[%clk 01:04:25]} {[%emt 00:06:53]} cxb3 {[%clk 01:26:30]} {[%emt 00:00:20]}
11. Qxb3 {[%clk 01:04:53]} {[%emt 00:00:03]} b4 {[%clk 01:21:06]} {[%emt
00:05:54]} 12. axb4 {[%clk 00:54:59]} {[%emt 00:10:24]} axb4 {[%clk 01:21:30]}
{[%emt 00:00:06]} 13. Rb1 {[%clk 00:54:47]} {[%emt 00:00:42]} Rb8 {[%clk
01:07:10]} {[%emt 00:14:50]} 14. Bd3 {[%clk 00:53:15]} {[%emt 00:02:01]} Nf6
{[%clk 01:05:46]} {[%emt 00:01:55]} 15. O-O {[%clk 00:51:04]} {[%emt 00:02:41]}
O-O {[%clk 01:05:36]} {[%emt 00:00:39]} 16. Qc2 {[%clk 00:40:54]} {[%emt
00:10:41]} h6 {[%clk 00:56:44]} {[%emt 00:09:22]} 17. Qc5 {[%clk 00:36:38]}
{[%emt 00:04:47]} b3 {[%clk 00:52:22]} {[%emt 00:04:52]} 18. Rb2 {[%clk
00:28:49]} {[%emt 00:08:18]} Qe7 {[%clk 00:50:58]} {[%emt 00:01:54]} 19. Qxe7
{[%clk 00:22:04]} {[%emt 00:07:16]} Nxe7 {[%clk 00:51:16]} {[%emt 00:00:12]} 20.
Rfb1 {[%clk 00:21:51]} {[%emt 00:00:42]} Ba4 {[%clk 00:51:06]} {[%emt
00:00:40]} 21. Bc4 {[%clk 00:19:39]} {[%emt 00:02:43]} Rb6 {[%clk 00:47:06]}
{[%emt 00:04:29]} 22. Ba5 {[%clk 00:17:55]} {[%emt 00:02:15]} Rb7 {[%clk
00:47:14]} {[%emt 00:00:21]} 23. Ra1 {[%clk 00:18:10]} {[%emt 00:00:16]} Bc6
{[%clk 00:44:52]} {[%emt 00:02:52]} 24. Rxb3 {[%clk 00:17:42]} {[%emt
00:00:58]} Rxb3 {[%clk 00:35:38]} {[%emt 00:09:44]} 25. Bxb3 {[%clk 00:18:04]}
{[%emt 00:00:08]} Rb8 {[%clk 00:34:12]} {[%emt 00:01:56]} 26. Bd1 {[%clk
00:17:20]} {[%emt 00:01:13]} Ned5 {[%clk 00:32:38]} {[%emt 00:02:06]} 27. Ne5
{[%clk 00:15:58]} {[%emt 00:01:53]} Be8 {[%clk 00:32:56]} {[%emt 00:00:12]} 28.
Bf3 {[%clk 00:11:31]} {[%emt 00:04:56]} Rb5 {[%clk 00:33:06]} {[%emt 00:00:19]}
29. Be1 {[%clk 00:06:40]} {[%emt 00:05:21]} c5 {[%clk 00:33:02]} {[%emt
00:00:34]} 30. dxc5 {[%clk 00:06:16]} {[%emt 00:00:55]} Rxc5 {[%clk 00:33:26]}
{[%emt 00:00:06]} 31. Nd3 {[%clk 00:06:21]} {[%emt 00:00:24]} Rc8 {[%clk
00:33:44]} {[%emt 00:00:12]} 32. Rc1 {[%clk 00:06:09]} {[%emt 00:00:43]} Rb8
{[%clk 00:34:08]} {[%emt 00:00:06]} 33. h3 {[%clk 00:06:02]} {[%emt 00:00:37]}
g5 {[%clk 00:34:26]} {[%emt 00:00:12]} 34. Ne5 {[%clk 00:05:13]} {[%emt
00:01:20]} Rb5 {[%clk 00:32:54]} {[%emt 00:02:02]} 35. Nc4 {[%clk 00:03:27]}
{[%emt 00:02:14]} Rc5 {[%clk 00:32:14]} {[%emt 00:01:12]} 36. Bd2 {[%clk
00:03:54]} {[%emt 00:00:03]} Bb5 {[%clk 00:32:08]} {[%emt 00:00:35]} 37. Nd6
{[%clk 00:02:50]} {[%emt 00:01:35]} Rxc1+ {[%clk 00:32:32]} {[%emt 00:00:07]}
38. Bxc1 {[%clk 00:03:16]} {[%emt 00:00:03]} Bc6 {[%clk 00:31:26]} {[%emt
00:01:35]} 39. Bb2 {[%clk 00:03:06]} {[%emt 00:00:40]} Ne8 {[%clk 00:31:34]}
{[%emt 00:00:22]} 40. Bxd5 {[%clk 00:00:58]} {[%emt 00:02:39]} exd5 {[%clk
00:31:58]} {[%emt 00:00:06]} 41. Nxe8 {[%clk 00:00:34]} {[%emt 00:00:54]} Bxe8
{[%clk 00:32:16]} {[%emt 00:00:12]} 42. Bd4 {[%clk 00:00:59]} {[%emt 00:00:05]}
Kh7 {[%clk 00:32:36]} {[%emt 00:00:11]} 43. g4 {[%clk 00:01:12]} {[%emt
00:00:17]} Kg6 {[%clk 00:32:58]} {[%emt 00:00:07]} 44. Kg2 {[%clk 00:01:30]}
{[%emt 00:00:13]} h5 {[%clk 00:33:18]} {[%emt 00:00:09]} 45. gxh5+ {[%clk
00:01:27]} {[%emt 00:00:33]} Kxh5 {[%clk 00:33:42]} {[%emt 00:00:06]} 46. Kg3
{[%clk 00:01:51]} {[%emt 00:00:06]} Bd7 {[%clk 00:34:08]} {[%emt 00:00:04]} 47.
f4 {[%clk 00:01:40]} {[%emt 00:00:41]} gxf4+ {[%clk 00:34:32]} {[%emt
00:00:06]} 48. Kxf4 {[%clk 00:02:01]} {[%emt 00:00:09]} Bxh3 {[%clk 00:34:52]}
{[%emt 00:00:09]} 49. Bc5 {[%clk 00:02:24]} {[%emt 00:00:08]} Be6 {[%clk
00:35:14]} {[%emt 00:00:08]} 50. Bd4 {[%clk 00:02:50]} {[%emt 00:00:04]} Bh3
{[%clk 00:35:19]} {[%emt 00:00:24]} 51. Bc5 {[%clk 00:03:17]} {[%emt 00:00:04]}
Be6 {[%clk 00:35:43]} {[%emt 00:00:06]} 52. Bd4 {[%clk 00:03:45]} {[%emt
00:00:03]} Bh3 {[%clk 00:36:06]} {[%emt 00:00:06]} 1/2-1/2